UEFA Euros Winners - Statistics

General Stats
  • This quiz has been taken 138 times
    15 since last reset
  • The average score is 9 of 10
Answer Stats
Winners Runners-
up
Last Year Team % Correct
2 1 2000 France
100%
3 3 1996 Germany
100%
2 2 2020 Italy
100%
4 1 2024 Spain
100%
1 1 2016 Portugal
93%
1 0 1992 Denmark
86%
1 0 2004 Greece
86%
1 0 1988 Netherlands
79%
1 3 1960 Soviet Union
64%
1 0 1976 Czechoslovakia
50%
No matching quizzes found
Score Distribution
Percent of People with Each Score
Percentile by Number Answered
Your Score History
You have not taken this quiz since the last reset